Normal view
MARC view
Entry Topical Term
001 - CONTROL NUMBER
- control field: 85189
003 - CONTROL NUMBER IDENTIFIER
- control field: dpl
005 - DATE AND TIME OF LATEST TRANSACTION
- control field: 20250924145628.0
008 - FIXED-LENGTH DATA ELEMENTS
- fixed length control field: 250924|| aca||aabn | a|a d
040 ## - CATALOGING SOURCE
- Original cataloging agency: dpl
- Transcribing agency: dpl
150 ## - HEADING--TOPICAL TERM
- Topical term or geographic name as entry element: कविताएँ
670 ## - SOURCE DATA FOUND
- Source citation: Work cat.: (dpl)210384: वाष्णैैय,विनायक 85188, रामप्रसाद विस्मिल/, 2024
